[Event "DEM U12 2005"]
[Site "Willingen GER"]
[Date "2005.05.16"]
[Round "3"]
[White "Kartsev, Alexandr"]
[Black "März, Julian"]
[Result "1-0"]
[Termination "normal"]
[Board "20"]
[WhiteElo "1600"]
[BlackElo "1439"]
[PlyCount "173"]
[WhiteFideId "24647110"]
[BlackFideId "24646172"]
[EventCountry "GER"]
[EventRounds "11"]
[EventType "swiss"]
[EventDate "2005.05.15"]

1. f4 e5 2. fxe5 d6 3. exd6 Bxd6 4. Nf3 g5 5. c3 g4 6. Qa4+ Bd7 7. Qe4+ Qe7 8.
Qxe7+ Nxe7 9. Nd4 c5 10. Nc2 Nbc6 11. d3 O-O-O 12. Bg5 Rhg8 13. Bxe7 Bxe7 14.
g3 Rde8 15. Nd2 Bf5 16. e4 Bf6 17. Be2 Be6 18. O-O-O Bg5 19. Kb1 f5 20. exf5
Bxf5 21. Rhe1 Bxd2 22. Rxd2 Re7 23. Rf1 Rge8 24. Bd1 Bd7 25. b3 a6 26. Rf4 h5
27. d4 cxd4 28. Nxd4 Nxd4 29. Rfxd4 Bf5+ 30. Bc2 Re1+ 31. Kb2 Bxc2 32. Rxc2
R1e2 33. Rdd2 Rxd2 34. Rxd2 Re3 35. b4 Kc7 36. Kb3 Kc6 37. Rf2 Rf3 38. Rd2 Re3
39. a4 b6 40. b5+ axb5 41. axb5+ Kc5 42. Rf2 Rf3 43. Re2 Rf5 44. c4 Rf3+ 45.
Ka4 Kxc4 46. Re6 Rf2 47. Rc6+ Kd5 48. Rxb6 Rxh2 49. Rg6 Kc4 50. Ka5 Ra2+ 51.
Kb6 Kb4 52. Rg5 Ra3 53. Rxh5 Rxg3 54. Kb7 Rf3 55. Rg5 Rf7+ 56. Ka6 Rf8 57. b6
Ra8+ 58. Kb7 Ra1 59. Rxg4+ Kc5 60. Kc7 Rf1 61. Rg5+ Kb4 62. b7 Rf7+ 63. Kb6 Rf8
64. Ka7 Ka3 65. b8=Q Rxb8 66. Kxb8 Kb4 67. Kc7 Kc4 68. Kd6 Kb4 69. Kc6 Kc4 70.
Rg4+ Kd3 71. Kd5 Ke3 72. Ra4 Kf3 73. Ke5 Kg3 74. Kf5 Kf3 75. Ra3+ Ke2 76. Ke4
Kd2 77. Rh3 Kc2 78. Kd4 Kb2 79. Kc4 Ka2 80. Kb4 Kb2 81. Rh2+ Kc1 82. Kc3 Kd1
83. Ra2 Ke1 84. Kd3 Kf1 85. Ke3 Kg1 86. Kf3 Kh1 87. Kg3 1-0

[Event "DEM U12 2005"]
[Site "Willingen GER"]
[Date "2005.05.16"]
[Round "3"]
[White "Dorn, Carina"]
[Black "Schiffner, Kevin"]
[Result "1/2-1/2"]
[Termination "normal"]
[Board "21"]
[WhiteElo "1554"]
[BlackElo "1429"]
[PlyCount "74"]
[WhiteFideId "24666335"]
[BlackFideId "24674940"]
[EventCountry "GER"]
[EventRounds "11"]
[EventType "swiss"]
[EventDate "2005.05.15"]

1. d4 d5 2. c4 e6 3. Nc3 Nf6 4. Bg5 Be7 5. Nf3 b6 6. e3 Bb7 7. Bd3 dxc4 8. Bxc4
Nbd7 9. O-O Ne4 10. Bxe7 Qxe7 11. Nd2 Nxc3 12. bxc3 Nf6 13. Qc2 O-O 14. e4 c5
15. e5 Nd5 16. Bd3 g6 17. Be4 cxd4 18. cxd4 Rac8 19. Qb2 Nf4 20. Bxb7 Qxb7 21.
Nf3 Qe4 22. Rfe1 Qd5 23. Qd2 Nh5 24. Qh6 f6 25. exf6 Rxf6 26. Re2 Qd7 27. Rae1
Rc7 28. Re5 Qg7 29. Qxg7+ Nxg7 30. Ng5 Rc2 31. R5e2 Rc4 32. Rd1 h6 33. Ne4 Rf8
34. g3 Rd8 35. Red2 Kf7 36. f3 Nf5 37. d5 exd5 1/2-1/2

[Event "DEM U12 2005"]
[Site "Willingen GER"]
[Date "2005.05.16"]
[Round "3"]
[White "Bräuer, Franz"]
[Black "Wapenhans, Martin"]
[Result "1-0"]
[Termination "normal"]
[Board "22"]
[WhiteElo "1546"]
[BlackElo "1416"]
[PlyCount "55"]
[WhiteFideId "24634468"]
[EventCountry "GER"]
[EventRounds "11"]
[EventType "swiss"]
[EventDate "2005.05.15"]

1. e4 c5 2. Nf3 Nc6 3. Bb5 g6 4. O-O Bg7 5. Re1 Nf6 6. c3 O-O 7. d4 d5 8. exd5
Qxd5 9. c4 Qd6 10. dxc5 Qxc5 11. Bxc6 Qxc6 12. Nbd2 e6 13. Qe2 b6 14. Ne5 Qc7
15. Ndf3 Ba6 16. b3 Nd7 17. Nxd7 Qxd7 18. Ne5 Qc7 19. Bb2 Rab8 20. Rad1 Rfd8
21. Ng4 Rxd1 22. Rxd1 h5 23. Bxg7 Kxg7 24. Qb2+ Kg8 25. Nf6+ Kf8 26. Nd7+ Kg8
27. Nxb8 Qxb8 28. Qf6 1-0

[Event "DEM U12 2005"]
[Site "Willingen GER"]
[Date "2005.05.16"]
[Round "3"]
[White "Kusmierek, Kasper"]
[Black "Iwanziw, Niklas"]
[Result "1-0"]
[Termination "normal"]
[Board "23"]
[WhiteElo "1543"]
[BlackElo "1406"]
[PlyCount "53"]
[BlackFideId "24647101"]
[EventCountry "GER"]
[EventRounds "11"]
[EventType "swiss"]
[EventDate "2005.05.15"]

1. e4 d5 2. exd5 Nf6 3. Bb5+ Bd7 4. Bc4 g6 5. Nc3 Bg7 6. Nf3 O-O 7. O-O c6 8.
d4 cxd5 9. Nxd5 e6 10. Nxf6+ Bxf6 11. Bh6 Re8 12. Re1 b5 13. Bb3 Qb6 14. c3 Bc6
15. d5 Rd8 16. dxe6 fxe6 17. Bxe6+ Kh8 18. Qe2 Re8 19. Ng5 Bd5 20. Nf7+ Kg8 21.
Ng5+ Bxe6 22. Nxe6 Na6 23. Qf3 Be7 24. Ng5 Bxg5 25. Qd5+ Kh8 26. Qxg5 Rec8 27.
Qe5+ 1-0

[Event "DEM U12 2005"]
[Site "Willingen GER"]
[Date "2005.05.16"]
[Round "3"]
[White "Meyer, Stephan"]
[Black "Blübaum, Johanna"]
[Result "1-0"]
[Termination "normal"]
[Board "24"]
[WhiteElo "1395"]
[BlackElo "1542"]
[PlyCount "87"]
[BlackFideId "24647373"]
[EventCountry "GER"]
[EventRounds "11"]
[EventType "swiss"]
[EventDate "2005.05.15"]

1. e4 e6 2. d4 d5 3. Nd2 c5 4. Ngf3 Nc6 5. exd5 exd5 6. Bb5 Bd6 7. c3 Nge7 8.
O-O O-O 9. Re1 Bg4 10. dxc5 Bxc5 11. Nb3 Bb6 12. Be3 Bc7 13. Bc5 Bd6 14. Bxd6
Qxd6 15. Be2 Rad8 16. Nfd4 Bxe2 17. Rxe2 Nxd4 18. Nxd4 Nc6 19. Qd2 Rfe8 20.
Rae1 Rxe2 21. Rxe2 Qc5 22. b4 Qc4 23. Qe3 Rf8 24. Nb3 Nd8 25. Nc5 Qb5 26. Qe7
h6 27. Nd7 Ne6 28. Rxe6 fxe6 29. Qxf8+ Kh7 30. Qf7 Kh8 31. Ne5 Qe2 32. Ng6+ Kh7
33. h3 Qd3 34. Ne7 Qd1+ 35. Kh2 h5 36. Qg8+ Kh6 37. Qxe6+ Kh7 38. Qf5+ Kh8 39.
Qf8+ Kh7 40. Qg8+ Kh6 41. Qh8+ Kg5 42. Qxg7+ Kf4 43. Qf6+ Ke4 44. Qf5# 1-0

[Event "DEM U12 2005"]
[Site "Willingen GER"]
[Date "2005.05.16"]
[Round "3"]
[White "Tantzen, Cedric"]
[Black "Lebek, Ricarda"]
[Result "1/2-1/2"]
[Termination "normal"]
[Board "25"]
[WhiteElo "1538"]
[BlackElo "1394"]
[PlyCount "56"]
[WhiteFideId "24640018"]
[BlackFideId "4624688"]
[EventCountry "GER"]
[EventRounds "11"]
[EventType "swiss"]
[EventDate "2005.05.15"]

1. e4 e6 2. d4 d5 3. exd5 exd5 4. Bd3 Nc6 5. c3 Bd6 6. Qf3 Be6 7. Bf4 Nge7 8.
Bxd6 Qxd6 9. Ne2 O-O-O 10. Qg3 Qxg3 11. Nxg3 Ng6 12. Ne2 Nce7 13. Nd2 Bf5 14.
Bxf5+ Nxf5 15. O-O Rhe8 16. Ng3 Nxg3 17. fxg3 Re2 18. Rad1 f6 19. Rfe1 Rde8 20.
Rxe2 Rxe2 21. Kf1 Re6 22. Re1 Rxe1+ 23. Kxe1 Ne7 24. Ke2 Nf5 25. Kf3 Nd6 26. g4
Kd7 27. Ke3 Ke6 28. Kf4 c6 1/2-1/2

[Event "DEM U12 2005"]
[Site "Willingen GER"]
[Date "2005.05.16"]
[Round "3"]
[White "Kammrad, Carolin"]
[Black "Sancar, Kenan"]
[Result "0-1"]
[Termination "normal"]
[Board "26"]
[WhiteElo "1385"]
[BlackElo "1517"]
[PlyCount "46"]
[BlackFideId "24647543"]
[EventCountry "GER"]
[EventRounds "11"]
[EventType "swiss"]
[EventDate "2005.05.15"]

1. e4 d5 2. exd5 Qxd5 3. Nc3 Qd6 4. d4 Nf6 5. Nf3 Nc6 6. h3 a6 7. Bg5 Bf5 8.
Bc4 e6 9. O-O h6 10. Be3 O-O-O 11. Qd2 g5 12. Rad1 g4 13. Bf4 Qd7 14. Ne5 Qe8
15. Nxc6 Qxc6 16. Be5 gxh3 17. d5 Qxc4 18. Bxf6 hxg2 19. Rfe1 Qg4 20. Qe3 Qh5
21. f3 Bd6 22. Qa7 Qh2+ 23. Kf2 g1=Q# 0-1

[Event "DEM U12 2005"]
[Site "Willingen GER"]
[Date "2005.05.16"]
[Round "3"]
[White "Dünzel, Jonas"]
[Black "Riabov, Igor"]
[Result "1-0"]
[Termination "normal"]
[Board "27"]
[WhiteElo "1516"]
[BlackElo "1380"]
[PlyCount "51"]
[WhiteFideId "24631167"]
[EventCountry "GER"]
[EventRounds "11"]
[EventType "swiss"]
[EventDate "2005.05.15"]

1. e4 e6 2. d4 d5 3. Nd2 Nf6 4. e5 Nfd7 5. f4 c5 6. c3 Nc6 7. Ndf3 Qb6 8. Ne2
Be7 9. g4 f5 10. gxf5 exf5 11. Bg2 Nf8 12. Ng5 Bxg5 13. fxg5 Be6 14. b3 Ng6 15.
h4 O-O-O 16. Be3 Qa5 17. Kf1 Rhf8 18. Bf3 Rf7 19. h5 Nge7 20. Nf4 Bd7 21. e6
Bxe6 22. Nxe6 Qxc3 23. Nxd8 Qxe3 24. Nxf7 Nxd4 25. Kg2 f4 26. Re1 1-0

[Event "DEM U12 2005"]
[Site "Willingen GER"]
[Date "2005.05.16"]
[Round "3"]
[White "Nguyen Minh, Thuy"]
[Black "Höfer, Michael"]
[Result "0-1"]
[Termination "normal"]
[Board "28"]
[WhiteElo "1328"]
[BlackElo "1507"]
[PlyCount "58"]
[WhiteFideId "24672688"]
[BlackFideId "24668850"]
[EventCountry "GER"]
[EventRounds "11"]
[EventType "swiss"]
[EventDate "2005.05.15"]

1. e4 c5 2. d4 cxd4 3. c3 dxc3 4. Nxc3 e6 5. Nf3 Nc6 6. a3 Be7 7. Bf4 a6 8. g3
Nf6 9. Qc2 b5 10. Rd1 O-O 11. Be2 Bb7 12. Ng5 e5 13. Be3 h6 14. Nf3 Rc8 15. h4
Na5 16. Qd3 Nc4 17. Bc1 Bc5 18. Qc2 Qb6 19. Bxc4 bxc4 20. Nxe5 Qe6 21. Nf3 Nxe4
22. O-O Nxf2 23. Rxf2 Qh3 24. Qe2 Rfe8 25. Qf1 Qxg3+ 26. Qg2 Bxf2+ 27. Kf1 Bxf3
28. Qxg3 Bxg3 29. Ne4 Rxe4 0-1

[Event "DEM U12 2005"]
[Site "Willingen GER"]
[Date "2005.05.16"]
[Round "3"]
[White "Braun, Georg"]
[Black "Fittkau, Nico"]
[Result "1/2-1/2"]
[Termination "normal"]
[Board "29"]
[WhiteElo "1493"]
[BlackElo "1369"]
[PlyCount "131"]
[WhiteFideId "24629383"]
[EventCountry "GER"]
[EventRounds "11"]
[EventType "swiss"]
[EventDate "2005.05.15"]

1. e4 c5 2. Nf3 d6 3. d4 cxd4 4. Nxd4 Nf6 5. Nc3 a6 6. Bc4 e6 7. Bb3 Be7 8. O-O
O-O 9. Qf3 Qc7 10. Qg3 Kh8 11. Be3 Nc6 12. Rad1 Na5 13. f4 Nxb3 14. cxb3 Rd8
15. Rc1 Qa5 16. b4 Qxb4 17. a3 Qa5 18. e5 Nd5 19. Nb3 Nxc3 20. Nxa5 Ne2+ 21.
Kf2 Nxg3 22. Kxg3 d5 23. Bb6 Rd7 24. Rc2 Bd8 25. Bxd8 Rxd8 26. Rc7 b6 27. Nb7
Bxb7 28. Rxb7 Rdc8 29. Rxf7 Kg8 30. Re7 Rc6 31. f5 Kf8 32. Rxe6 Rxe6 33. fxe6+
Ke7 34. Rf7+ Kxe6 35. Rxg7 Kxe5 36. Rxh7 Rf8 37. h4 Ke4 38. h5 d4 39. Re7+ Kd3
40. h6 Kc2 41. Kh4 d3 42. g4 d2 43. Rd7 d1=Q 44. Rxd1 Kxd1 45. g5 Rf2 46. g6
Rh2+ 47. Kg5 Kc2 48. g7 Kxb2 49. h7 Rxh7 50. g8=Q Rh3 51. Qb8 Rb3 52. Qa7 a5
53. a4 Ka3 54. Qd7 Rb4 55. Qc6 Kb3 56. Kf5 Ka3 57. Ke5 Kb3 58. Kd5 Ka3 59. Kd6
Kb3 60. Kd5 Ka3 61. Ke5 Kb3 62. Kf5 Ka3 63. Qc2 Rxa4 64. Qc3+ Ka2 65. Qc2+ Ka3
66. Qc3+ 1/2-1/2

[Event "DEM U12 2005"]
[Site "Willingen GER"]
[Date "2005.05.16"]
[Round "3"]
[White "Hartmann, Nicolas"]
[Black "Lingl, Xenia"]
[Result "1-0"]
[Termination "normal"]
[Board "30"]
[WhiteElo "1474"]
[BlackElo "1363"]
[PlyCount "93"]
[WhiteFideId "24626481"]
[EventCountry "GER"]
[EventRounds "11"]
[EventType "swiss"]
[EventDate "2005.05.15"]

1. e4 e5 2. Nf3 Nc6 3. Bc4 Bc5 4. c3 Nf6 5. d4 exd4 6. cxd4 Bb4+ 7. Nc3 Nxe4 8.
O-O Bxc3 9. d5 Ne7 10. bxc3 h6 11. Re1 Nd6 12. Ba3 O-O 13. Bxd6 cxd6 14. Qe2
Ng6 15. Qe4 b6 16. Re2 Bb7 17. Rae1 Rc8 18. Bd3 Rxc3 19. h4 Rxd3 20. Qxd3 Nf4
21. Qe4 Nxe2+ 22. Rxe2 Qf6 23. Nd4 Rc8 24. Nf5 Rc5 25. f4 Kh8 26. Re1 Rxd5 27.
Qe8+ Kh7 28. Ne7 Qxe7 29. Qxe7 Rd2 30. Re2 Rd1+ 31. Kf2 Bd5 32. Qe3 Be6 33.
Qe4+ Kg8 34. Qa8+ Kh7 35. Qe4+ Kg8 36. Qa8+ Kh7 37. Qe4+ Kg8 38. Qc2 Rh1 39.
Qc8+ Kh7 40. Qc7 Rxh4 41. Qc2+ Kg8 42. g3 Rh5 43. Qd3 Rd5 44. Qe3 Kh7 45. Qe4+
Kg8 46. Rc2 Ra5 47. Rc8# 1-0

[Event "DEM U12 2005"]
[Site "Willingen GER"]
[Date "2005.05.16"]
[Round "3"]
[White "Begeluri, Nino"]
[Black "Wolf, Isaak"]
[Result "1-0"]
[Termination "normal"]
[Board "31"]
[WhiteElo "1167"]
[BlackElo "1470"]
[PlyCount "69"]
[EventCountry "GER"]
[EventRounds "11"]
[EventType "swiss"]
[EventDate "2005.05.15"]

1. e4 d5 2. exd5 Qxd5 3. Nc3 Qa5 4. d4 c6 5. Nf3 Bg4 6. Be2 Nf6 7. O-O e6 8.
Be3 Bd6 9. Qd2 Qc7 10. h3 Bxf3 11. Bxf3 O-O 12. Rfe1 Nbd7 13. Rad1 Nb6 14. Be2
Rfd8 15. Bg5 c5 16. Bxf6 gxf6 17. Nb5 Qc6 18. Nxd6 Qxd6 19. Qh6 Nd7 20. dxc5
Qxc5 21. Bd3 f5 22. Qg5+ Kh8 23. Qh5 Ne5 24. Bf1 Rxd1 25. Qxd1 Qc7 26. Qd4 f6
27. f4 Nd7 28. Rxe6 Rd8 29. Rd6 a6 30. Bc4 Kg7 31. Be6 Kg6 32. Rxd7 Rxd7 33.
Qxd7 Qxc2 34. Qf7+ Kh6 35. Qxf6+ 1-0

[Event "DEM U12 2005"]
[Site "Willingen GER"]
[Date "2005.05.16"]
[Round "3"]
[White "Cornish, Alexander"]
[Black "Dürre, Gregor"]
[Result "0-1"]
[Termination "normal"]
[Board "32"]
[WhiteElo "1466"]
[BlackElo "1319"]
[PlyCount "120"]
[EventCountry "GER"]
[EventRounds "11"]
[EventType "swiss"]
[EventDate "2005.05.15"]

1. e4 c5 2. Nf3 Nc6 3. d4 cxd4 4. Nxd4 Nf6 5. Nc3 e5 6. Nf3 Bb4 7. Bd2 d6 8.
Bd3 Bg4 9. a3 Ba5 10. h3 Bh5 11. g4 Bg6 12. Qe2 h5 13. g5 Nd7 14. h4 f6 15.
O-O-O Bxc3 16. Bxc3 Qc7 17. Bc4 O-O-O 18. Be6 Rhe8 19. Bh3 Kb8 20. Rhg1 Bf7 21.
b4 a5 22. b5 Na7 23. Qd3 Nc5 24. Qe2 b6 25. Bb2 Na4 26. Rd3 Qc4 27. Rd2 Nxb2
28. Qxc4 Nxc4 29. Rd3 Nxb5 30. gxf6 gxf6 31. Rg7 Rf8 32. a4 Nba3 33. Nd2 Nxd2
34. Kxd2 Nc4+ 35. Kc1 Rde8 36. Rc3 Rd8 37. Bg2 Be6 38. Bf1 Rc8 39. Re7 Bf7 40.
Rxf7 Rxf7 41. Rxc4 Rxc4 42. Bxc4 Rg7 43. Be2 Rg1+ 44. Kd2 Rh1 45. Bxh5 Rxh4 46.
Bg6 Rf4 47. Ke3 Rh4 48. f3 Kc7 49. Be8 Rh2 50. c4 Rc2 51. Bb5 Rc3+ 52. Kf2 Kd8
53. Kg3 Ke7 54. Kg4 Kf7 55. f4 Re3 56. Kf5 Rf3 57. Be8+ Kxe8 58. Kxf6 Rxf4+ 59.
Ke6 Rxe4 60. Kxd6 Rxc4 0-1

[Event "DEM U12 2005"]
[Site "Willingen GER"]
[Date "2005.05.16"]
[Round "3"]
[White "Pantusenko, Valeria"]
[Black "Popov, Xenia"]
[Result "1-0"]
[Termination "normal"]
[Board "33"]
[WhiteElo "1459"]
[BlackElo "1306"]
[PlyCount "171"]
[WhiteFideId "4662920"]
[EventCountry "GER"]
[EventRounds "11"]
[EventType "swiss"]
[EventDate "2005.05.15"]

1. e4 e5 2. Nf3 Nc6 3. Nc3 Nf6 4. Bb5 d6 5. d4 Bd7 6. d5 Ne7 7. Bxd7+ Qxd7 8.
Bg5 Qg4 9. Qe2 a6 10. O-O-O O-O-O 11. h3 Qd7 12. Qc4 h6 13. Be3 Kb8 14. Rd3 Nc8
15. Ne2 Nb6 16. Qb4 Qa4 17. Rb3 Qxb4 18. Rxb4 a5 19. Rb3 Nxe4 20. Bxb6 cxb6 21.
Rxb6 Nxf2 22. Rf1 Ka7 23. Rb5 Ka6 24. Rb3 Ne4 25. Ne1 Nf6 26. Nc3 Rd7 27. Nf3
Be7 28. Nd2 Rc8 29. Nde4 Nxe4 30. Nxe4 Bd8 31. Rf2 Bb6 32. Re2 f5 33. Ng3 g6
34. Kb1 Rf7 35. h4 Re8 36. Rf3 Bc5 37. a3 Rc7 38. Kc1 b5 39. Kb1 Rec8 40. Rf1
Bd4 41. c3 Bb6 42. Rh1 f4 43. Ne4 Rd8 44. Rf1 Be3 45. Rf3 Rc4 46. Nf6 h5 47.
Kc2 Rh8 48. Kd3 a4 49. Ne4 Rd8 50. Ng5 Kb6 51. Ne4 Kc7 52. Nf6 Rf8 53. Ne4 Kd7
54. Ng5 Ke7 55. Ne4 Rg8 56. Ng5 Rb8 57. Ne4 Rbc8 58. Rf1 b4 59. axb4 R4c7 60.
Ra1 Ra7 61. b3 axb3 62. Rxa7+ Bxa7 63. Rb2 Bb6 64. Rxb3 Ra8 65. Kc2 Rc8 66. Ra3
Bd4 67. Kd3 Bb6 68. Ra6 Bc7 69. Ra7 Kd8 70. c4 Ke8 71. c5 dxc5 72. bxc5 Bb8 73.
Rg7 Rd8 74. d6 Rd7 75. Nf6+ Kf8 76. Rxd7 e4+ 77. Kxe4 f3 78. Rd8+ Kf7 79. Rxb8
fxg2 80. Rb1 g5 81. c6 gxh4 82. c7 h3 83. Nxh5 h2 84. c8=Q g1=Q 85. Qf5+ Kg8
86. Rb8# 1-0

[Event "DEM U12 2005"]
[Site "Willingen GER"]
[Date "2005.05.16"]
[Round "3"]
[White "Weber, Max"]
[Black "Wilke, Friedrich"]
[Result "0-1"]
[Termination "normal"]
[Board "34"]
[WhiteElo "1128"]
[BlackElo "1458"]
[PlyCount "74"]
[WhiteFideId "4624831"]
[EventCountry "GER"]
[EventRounds "11"]
[EventType "swiss"]
[EventDate "2005.05.15"]

1. e4 g6 2. Nf3 Bg7 3. d4 c6 4. Nc3 d5 5. e5 Bg4 6. h3 Bxf3 7. Qxf3 e6 8. Bd3
Nd7 9. O-O Ne7 10. Bg5 O-O 11. Qf4 f6 12. exf6 Nxf6 13. Qe3 Qd6 14. Rfe1 Kf7
15. Re2 Rae8 16. Bf4 Qd7 17. Na4 b6 18. c4 Nf5 19. Bxf5 exf5 20. Qd3 Kg8 21.
Rae1 Ne4 22. f3 Nf6 23. c5 b5 24. Nc3 Rf7 25. Be5 Rfe7 26. Re3 Nh5 27. Bxg7
Nxg7 28. Rxe7 Rxe7 29. Rxe7 Qxe7 30. Qe2 Qg5 31. Kh2 Qf4+ 32. g3 Qxd4 33. Qe7
Qf2+ 34. Kh1 Qxf3+ 35. Kh2 Qf2+ 36. Kh1 h6 37. Nxd5 Qf3+ 0-1

[Event "DEM U12 2005"]
[Site "Willingen GER"]
[Date "2005.05.16"]
[Round "3"]
[White "Orhan, Eda"]
[Black "Weber, Raphael"]
[Result "0-1"]
[Termination "normal"]
[Board "35"]
[WhiteElo "1366"]
[BlackElo "1721"]
[PlyCount "90"]
[WhiteFideId "24659258"]
[BlackFideId "24644110"]
[EventCountry "GER"]
[EventRounds "11"]
[EventType "swiss"]
[EventDate "2005.05.15"]

1. e4 e5 2. Nf3 Nc6 3. Bc4 Be7 4. d3 Nf6 5. Nc3 O-O 6. Bg5 d6 7. Qd2 Bd7 8. O-O
a6 9. Bb3 Na5 10. Bxf6 Bxf6 11. Nd5 Nxb3 12. axb3 Bg4 13. Qe3 Be7 14. h3 Bh5
15. g4 Bg6 16. d4 exd4 17. Nxd4 c6 18. Nc3 Re8 19. f4 h6 20. f5 Bh7 21. Nf3 Bf6
22. Qf4 Qe7 23. Rfe1 Rad8 24. Re2 Rd7 25. Rae1 Qd8 26. e5 dxe5 27. Nxe5 Rde7
28. Nf3 Rxe2 29. Nxe2 Qb6+ 30. Kg2 Kh8 31. Qc4 Bg8 32. Nc3 Rxe1 33. Nxe1 Bh4
34. Qe2 Qc7 35. Qf3 Bxe1 36. Ne4 f6 37. Qe2 Bh4 38. Qf3 Bd5 39. Kf1 Qb6 40. Kg2
Qd4 41. c3 Qxe4 42. Qxe4 Bxe4+ 43. Kf1 Bd3+ 44. Kg2 Bg5 45. Kf3 Bc1 0-1

[Event "DEM U12 2005"]
[Site "Willingen GER"]
[Date "2005.05.16"]
[Round "3"]
[White "Mirke, Roy"]
[Black "Schwarzat, Julian"]
[Result "0-1"]
[Termination "normal"]
[Board "36"]
[WhiteElo "1549"]
[BlackElo "1185"]
[PlyCount "36"]
[WhiteFideId "24647306"]
[BlackFideId "24675857"]
[EventCountry "GER"]
[EventRounds "11"]
[EventType "swiss"]
[EventDate "2005.05.15"]

1. d4 d5 2. Nf3 Nf6 3. e3 e6 4. Bd3 c5 5. c3 Nc6 6. Nbd2 Bd7 7. O-O c4 8. Bc2
b5 9. e4 dxe4 10. Nxe4 Be7 11. Re1 O-O 12. Bf4 Nd5 13. Bg3 f5 14. Ned2 f4 15.
Bxf4 Rxf4 16. Qb1 h6 17. g3 Rf6 18. Ne4 Rxf3 0-1

[Event "DEM U12 2005"]
[Site "Willingen GER"]
[Date "2005.05.16"]
[Round "3"]
[White "Kreiter, Thomas"]
[Black "Weissbeck, Simon"]
[Result "1/2-1/2"]
[Termination "normal"]
[Board "37"]
[WhiteElo "1312"]
[BlackElo "1439"]
[PlyCount "66"]
[WhiteFideId "24645591"]
[BlackFideId "24646865"]
[EventCountry "GER"]
[EventRounds "11"]
[EventType "swiss"]
[EventDate "2005.05.15"]

1. e4 e6 2. d4 d5 3. exd5 exd5 4. Nf3 Bd6 5. Bd3 Nf6 6. O-O O-O 7. Bg5 Bg4 8.
Nc3 c6 9. Re1 Nbd7 10. h3 Be6 11. Ne5 Be7 12. Nxd7 Qxd7 13. Qf3 Rfe8 14. Re2 h6
15. Bh4 Rac8 16. Bg3 c5 17. Bb5 Rc6 18. Be5 cxd4 19. Bxd4 Rxc3 20. Bxd7 Rxf3
21. Bxe8 Rf4 22. Be5 Rb4 23. Bc3 Nxe8 24. Bxb4 Bxb4 25. Rd1 Nf6 26. c3 Bc5 27.
b3 Bb6 28. Rc2 Bf5 29. Re2 Be6 30. Kf1 Ne4 31. Rc1 Nd6 32. g4 g6 33. Rce1 Kg7
1/2-1/2

[Event "DEM U12 2005"]
[Site "Willingen GER"]
[Date "2005.05.16"]
[Round "3"]
[White "Risius, Philipp"]
[Black "Dilz, Jasmin"]
[Result "1-0"]
[Termination "normal"]
[Board "38"]
[WhiteElo "1429"]
[BlackElo "1138"]
[PlyCount "139"]
[WhiteFideId "24630330"]
[EventCountry "GER"]
[EventRounds "11"]
[EventType "swiss"]
[EventDate "2005.05.15"]

1. e4 d5 2. exd5 Qxd5 3. Nc3 Qa5 4. Nf3 Bf5 5. d4 c6 6. Bd3 Bg6 7. O-O e6 8. a3
Qc7 9. Re1 Bd6 10. Ne4 Bxe4 11. Bxe4 Nf6 12. c4 Nbd7 13. c5 Be7 14. Bd3 O-O-O
15. a4 Nd5 16. Bd2 N7f6 17. Bc4 h6 18. Bxd5 Rxd5 19. b4 Kd7 20. Ne5+ Ke8 21.
Bf4 Qc8 22. Nc4 Qd8 23. Nd6+ Bxd6 24. Bxd6 Kd7 25. Re5 Rxe5 26. dxe5 Nd5 27.
Qe1 Qc8 28. g3 Nc7 29. Bxc7 Qxc7 30. Qd2+ Ke7 31. Qd6+ Qxd6 32. cxd6+ Kd7 33.
Rc1 Rc8 34. Kf1 a6 35. Ke2 b5 36. axb5 axb5 37. Ra1 Ke8 38. Ra5 g6 39. Kd3 f6
40. f4 fxe5 41. fxe5 g5 42. Ra7 Rd8 43. Re7+ Kf8 44. Rxe6 h5 45. Re7 h4 46. Kd4
hxg3 47. hxg3 g4 48. Kc5 Rc8 49. d7 Rd8 50. Re8+ Rxe8 51. dxe8=Q+ Kxe8 52. Kxc6
Ke7 53. Kd5 Kd7 54. e6+ Ke7 55. Ke5 Ke8 56. Kd6 Kd8 57. Kc6 Ke7 58. Kxb5 Kxe6
59. Kc6 Ke5 60. b5 Ke4 61. b6 Kf3 62. b7 Kxg3 63. b8=Q+ Kh3 64. Qc8 Kg3 65. Kd5
Kf3 66. Qf5+ Kg3 67. Ke4 Kh4 68. Kf4 Kh3 69. Qxg4+ Kh2 70. Kf3 1-0

[Event "DEM U12 2005"]
[Site "Willingen GER"]
[Date "2005.05.16"]
[Round "3"]
[White "Lindner, Robert"]
[Black "Wild, Katharina"]
[Result "1/2-1/2"]
[Termination "normal"]
[Board "39"]
[WhiteElo "1391"]
[BlackElo "1294"]
[PlyCount "54"]
[WhiteFideId "24658847"]
[BlackFideId "24678015"]
[EventCountry "GER"]
[EventRounds "11"]
[EventType "swiss"]
[EventDate "2005.05.15"]

1. e4 c6 2. d4 d5 3. exd5 cxd5 4. Bd3 Nf6 5. h3 Nc6 6. c3 e5 7. dxe5 Nxe5 8.
Bc2 Bd6 9. Bf4 O-O 10. Ne2 Re8 11. O-O Be6 12. Bh2 Qc7 13. Nd4 Rad8 14. Nd2 Nc6
15. Bxd6 Qxd6 16. N2f3 Nxd4 17. Nxd4 Qb6 18. Bb3 a5 19. a4 g6 20. Re1 Rd6 21.
Qf3 Ne4 22. Qd1 Bf5 23. f3 Nf6 24. Rxe8+ Nxe8 25. g4 Be6 26. Kg2 Nc7 27. Qc2
Kf8 1/2-1/2

[Event "DEM U12 2005"]
[Site "Willingen GER"]
[Date "2005.05.16"]
[Round "3"]
[White "Kazman, Caner"]
[Black "Schätz, Annika"]
[Result "0-1"]
[Termination "normal"]
[Board "40"]
[WhiteElo "1283"]
[BlackElo "1386"]
[PlyCount "90"]
[WhiteFideId "24684953"]
[BlackFideId "24674796"]
[EventCountry "GER"]
[EventRounds "11"]
[EventType "swiss"]
[EventDate "2005.05.15"]

1. d4 Nf6 2. c4 c5 3. e3 e6 4. Nf3 d5 5. Nc3 Nc6 6. cxd5 exd5 7. Bb5 Bd7 8. O-O
c4 9. Re1 Be7 10. e4 Be6 11. Ne5 Rc8 12. Qa4 Qb6 13. Bg5 a6 14. Bxf6 Bxf6 15.
exd5 Bxe5 16. dxe5 Bxd5 17. Nxd5 Qxb5 18. Qxb5 axb5 19. Nb6 Rd8 20. Rad1 Rxd1
21. Rxd1 Nxe5 22. Re1 f6 23. f4 Kf7 24. fxe5 Re8 25. Nd7 Re7 26. e6+ Rxe6 27.
Rxe6 Kxe6 28. Nc5+ Kd5 29. b4 b6 30. Nd7 c3 31. Nxb6+ Kd4 32. a4 c2 33. a5
c1=Q+ 34. Kf2 Qe3+ 35. Kf1 Kd3 36. h3 Kd2 37. g4 Qxh3+ 38. Kf2 Qe3+ 39. Kg2 Ke1
40. Nd5 Qe4+ 41. Kg3 Qxd5 42. a6 g5 43. a7 Kf1 44. a8=Q Qxa8 45. Kh3 Qg2# 0-1

[Event "DEM U12 2005"]
[Site "Willingen GER"]
[Date "2005.05.16"]
[Round "3"]
[White "Weißenburg, Isabel"]
[Black "Lauer, Florian"]
[Result "1-0"]
[Termination "normal"]
[Board "41"]
[WhiteElo "1146"]
[BlackElo "1382"]
[PlyCount "119"]
[WhiteFideId "4612922"]
[BlackFideId "12910074"]
[EventCountry "GER"]
[EventRounds "11"]
[EventType "swiss"]
[EventDate "2005.05.15"]

1. e4 c5 2. Nf3 Nc6 3. d4 cxd4 4. Nxd4 g6 5. Nxc6 bxc6 6. Bc4 Bg7 7. O-O Nf6 8.
e5 Ng8 9. Re1 Qc7 10. Qe2 Bb7 11. Nc3 e6 12. b4 a6 13. a4 Ne7 14. Bg5 Nf5 15.
Rad1 c5 16. b5 Nd4 17. Qd3 Bxe5 18. f4 Bg7 19. bxa6 Bc8 20. Nd5 Qa5 21. c3 Nc6
22. Bb5 O-O 23. Nf6+ Bxf6 24. Bxf6 h6 25. Qe3 Bxa6 26. f5 Kh7 27. Bxa6 Qxa6 28.
Rxd7 exf5 29. Qe6 Kg8 30. Qe3 Kh7 31. Qxc5 Qxa4 32. Rc7 Rac8 33. Qd6 Qb5 34.
Rxc8 Rxc8 35. Qd7 Rf8 36. Re8 Qb1+ 37. Kf2 Qc2+ 38. Kf3 Nd4+ 39. Bxd4 Qd3+ 40.
Re3 Qd1+ 41. Kf2 f4 42. Re2 g5 43. Qf5+ Kg8 44. Qf6 Qxd4+ 45. Qxd4 f6 46. Qd5+
Kg7 47. Qd7+ Rf7 48. Re7 Rxe7 49. Qxe7+ Kg6 50. c4 g4 51. c5 h5 52. c6 h4 53.
c7 g3+ 54. hxg3 fxg3+ 55. Kf3 h3 56. gxh3 g2 57. Kxg2 f5 58. c8=Q f4 59. Qg8+
Kh6 60. Qeh7# 1-0